| 000 | 00838nam a22002177a 4500 | ||
|---|---|---|---|
| 999 |
_c19587 _d19587 |
||
| 003 | AR-CdUCM | ||
| 008 | 190518b ||||| |||| 00| 0 spa d | ||
| 040 |
_aMUNICIPALIDAD PROVINCIAL DEL CUSCO _cBIBLIOTECA MUNICIPAL DEL CUSCO |
||
| 082 |
_a869.96 / _bL73 |
||
| 100 |
_aLizaso, Félix _941014 |
||
| 245 | _aPanorama de la cultura cubana / | ||
| 260 |
_aMéxico : _bFondo de cultura económica, _c1949. |
||
| 300 |
_a155 páginas ; _c22 cm. |
||
| 440 |
_aTierra firme ; _n47 _941015 |
||
| 505 | _aContenido: El padre Varela y los orígenes del pensamiento cubano -- Luz y caballero y la formación de la conciencia cubana -- Enrique José Varona, maestro de juventudes ... | ||
| 650 |
_aLiteratura cubana _9668 |
||
| 650 |
_aHistoria y crítica _95993 |
||
| 650 |
_aSiglo XIX. _9971 |
||
| 942 |
_2ddc _cLIBROS |
||
| 945 |
_aacv _d2019-05-18 |
||